000 00194nam a2200097Ia 4500
008 240331s9999 xx 000 0 und d
082 _bABU
100 _aAbulkalam,A
245 0 _aGaana
942 _cL
999 _c4653
_d4653